Atlas de la vascularization arterielle du cervean chez l'home (Registro nro. 81314)

Detalles MARC
000 -ENCABEZADO
Número de control [NR] 00843nam a22002297a 4500
005 - FECHA Y HORA DE LA ÚLTIMA TRANSACCIÓN
control field 20211112083116.0
008 - DE LONGITUD FIJA DE DATOS DE ELEMENTOS - INFORMACIÓN GENERAL
Elementos de longitud fija [NR] 130821s1971 fr a gr fre
040 ## - FUENTE DE CATALOGACION [NR]
Agencia de catalogación original [NR] Co-BoUCM
Idioma de catalogación [NR] spa
Quien Cataloga Luz Cupitra (modificó)
Quien Clasifica Luz Cupitra (modificó)
041 00 - CODIGO DE IDIOMA [R]
Código de idioma para texto/pista de sonido o título separado [R] Francés
060 ## - SIGNATURA TOPOGRAFICA DE LA BIBLIOTECA NACIONAL DE MEDICINA (NLM) [R]
Número clasificador [R] R/WG 510
Número de ítem [NR] S159a
092 ## - SIGNATURA TOPOGRAFICA LOCAL
Número de clasificación local FMR 0279
100 1# - ASIENTO PRINCIPAL--NOMBRE PERSONAL [NR]
Nombre personal [NR] Salamon, Georges
ID Autoridad 74795
240 10 - TITULO UNIFORME [NR]
Título uniforme [NR] <a href="Atlas de la vascularisation arterielle du cerveau chez l'homme =">Atlas de la vascularisation arterielle du cerveau chez l'homme =</a>
245 10 - MENCION DE TITULO [NR]
Título [NR] Atlas de la vascularization arterielle du cervean chez l'home
Mención de responsabilidad, etc. [NR] Georges Salamon
246 01 - FORMA VARIANTE DEL TITULO [R]
Título propiamente dicho/forma breve del título [NR] Atlas of the arteries of the human brain
260 ## - PUBLICACION, DISTRIBUCION, ETC. (PIE DE IMPRENTA) [R]
Lugar de publicación, distribución, etc. [R] París (Francia)
Nombre del editor, distribuidor, etc. [R] Sandoz
Fecha de publicación, distribución, etc. [R] 1971
300 ## - DESCRIPCION FISICA [R]
Extensión [R] 189 páginas
Otros detalles físicos [NR] ilustraciones (algunas en color)
500 ## - NOTA GENERAL [R]
Nota general [NR] Incluye bibliografía e índice general.
650 04 - ASIENTO SECUNDARIO DE MATERIA - TERMINO TEMATICO [R]
Término temático o nombre geográfico como elemento de entrada [NR] Arterias
9 (RLIN) 9543
650 04 - ASIENTO SECUNDARIO DE MATERIA - TERMINO TEMATICO [R]
Término temático o nombre geográfico como elemento de entrada [NR] Cerebro
9 (RLIN) 10692
942 ## - ELEMENTOS DE ENTRADA AGREGADOS (KOHA)
Tema principal Medicina
Edición 1
Tipo de ítem principal el descrito en 300a Libro
Sistema de clasificación NLM
Clasificación WG
Parte restante de la signatura top. 510
Existencias
Fecha de último préstamo Total préstamos Total Renewals Signatura topográfica Código de barras Última vez visto Ejemplar Price effective from Tipo de ítem Nota pública (OPAC) Perdido Sistema de clasificación Dañado No prestable Tipo de ítem específico Suprimido Ubicación habitual Ubicación actual Localización Fecha de creación Forma de adquisición Costo
09/02/2013 2 4 FMR 0279 100107418 04/12/2025 Ej.2 03/02/2013 Libro Galería de donantes   LOCAL     Libro   Claustro Claustro 3er piso 28/02/2010 Donación 26000.00